| 000 | 01616cam a22003131 4500 | ||
|---|---|---|---|
| 001 | 5157 | ||
| 003 | BD-RjUL | ||
| 005 | 20211208234023.0 | ||
| 008 | 131224s19621958pau b 001 0 eng | ||
| 035 | _a(BD-RjUL)5193 | ||
| 035 | _a(OCoLC)498572 | ||
| 040 |
_aDLC _cODaWU _dOCoLC _dDLC _beng |
||
| 041 | _aeng | ||
| 082 |
_a351.1 _bSWE 1962 |
||
| 100 | 1 |
_aSweeney, Stephen B. _q(Stephen Binnington), _916246 |
|
| 245 | 1 | 0 |
_aEducation for administrative careers in government service. / _cStephen B. Editor: Sweeney. Assistant editor: Thomas J. Davy. Consultant: Lloyd M. Short. |
| 260 |
_aPhiladelphia ; _bUniversity of Pennsylvania Press, _c1962. |
||
| 300 |
_a366 p. _c22 cm. |
||
| 500 | _a"One of a series commemorating the 75th anniversary of the Wharton School and the 20th anniversary of the Fels Institute of Local and State Government, University of Pennsylvania." | ||
| 500 | _a"Presents the results of a research-conference program conducted during 1956-1957 ... The program was a cooperative effort of the American Society for Public Administration, the International City Managers' Association, and the Fels Institute of Local and State Government, University of Pennsylvania ... The academic staff of the Fels Institute did the research and prepared the initial drafts of the working papers." | ||
| 504 | _aBibliographical footnotes. | ||
| 520 | _aIncludes index | ||
| 526 | _bSociology | ||
| 650 | 0 |
_aPublic administration _xStudy and teaching. _916247 |
|
| 710 | 2 |
_aFels Institute of Local and State Government. _916248 |
|
| 942 |
_2ddc _cBK |
||
| 999 |
_c5157 _d5157 |
||